000 00696cam a22002413a 4500
001 16489
003 PGUSA
005 20140828083342.0
008 050808s2005||||xxu|||||s|||||000 | eng d
040 _aPGUSA
_beng
042 _adc
050 4 _aBF
100 1 _aDebay, A.
_q(Auguste),
_d1802-1890
245 1 0 _aIgiene dei piaceri secondo le età, i temperamenti e le stagioni
_h[electronic resource] /
_cA. Debay
260 _bProject Gutenberg,
_c2005
506 _aPublic domain in the USA.
516 _aElectronic text
653 _aPleasure
700 1 _aIntrozzi, Gianpietro
830 0 _aProject Gutenberg
_v16489
856 4 0 _uhttp://www.gutenberg.org/ebooks/16489
942 _cEB
999 _c245744
_d245744